=LDR 00000nam 2200000 4500 =001 INLIS000000000007452 =005 20130612095441 =008 ***********************************Ind** =035 ##$$0010-061300000007452 =041 ##$$a Ind =082 ##$$a 510.76 =090 ##$$a 510.76, Har g =100 ##$$a HARSONO, Bambang =245 ##$$a Gita SMU, Giat dan terampil, Bambang Harsono. -- =260 ##$$a 1994 $b Surakarta =300 ##$$a 40 hlm, 18 cm =650 ##$$a Matematika